Introduction to the theory and practice of high vacuum technology (Record no. 11800)

MARC details
000 -LEADER
fixed length control field 00575nam a2200181Ia 4500
003 - CONTROL NUMBER IDENTIFIER
control field IN-BaIIA
008 - FIXED-LENGTH DATA ELEMENTS--GENERAL INFORMATION
fixed length control field 211028s9999 xx 000 0 eng d
040 ## - CATALOGING SOURCE
Transcribing agency IIA Library
080 ## - UNIVERSAL DECIMAL CLASSIFICATION NUMBER
Universal Decimal Classification number 533.5
Item number WAR
100 ## - MAIN ENTRY--PERSONAL NAME
Personal name Ward, L
9 (RLIN) 20479
245 #0 - TITLE STATEMENT
Title Introduction to the theory and practice of high vacuum technology
Statement of responsibility, etc. L. Ward and J. P Bunn
260 ## - PUBLICATION, DISTRIBUTION, ETC.
Place of publication, distribution, etc. London
Name of publisher, distributor, etc. Butterworths
Date of publication, distribution, etc. 1967
300 ## - PHYSICAL DESCRIPTION
Extent vii, 216p.
650 ## - SUBJECT ADDED ENTRY--TOPICAL TERM
Topical term or geographic name entry element Vacuum physics
9 (RLIN) 2238
650 ## - SUBJECT ADDED ENTRY--TOPICAL TERM
Topical term or geographic name entry element Vacuum technology
9 (RLIN) 20480
700 ## - ADDED ENTRY--PERSONAL NAME
Personal name Bunn, J. P.
9 (RLIN) 20481
942 ## - ADDED ENTRY ELEMENTS (KOHA)
Koha item type Books
Holdings
Withdrawn status Lost status Damaged status Not for loan Home library Current library Shelving location Date acquired Total Checkouts Full call number Barcode Date last seen Price effective from Koha item type
        IIA Library-Bangalore IIA Library-Bangalore General Stacks 09/07/1996   533.5/ WAR 12715 05/11/2021 09/07/1996 Books

Powered by Koha